00265nam a22001097a 4500008004100000082001100041245005800052260000900110300001000119440001800129760000800147180802b xxu||||| |||| 00| 0 eng d a813.52 aMedical Terminology for Health ProfessionscEhrlich,A c2001 a1fCD x9780766813274 b4th